000 00637nam a2200229Ia 4500
003 OSt
005 20220926025015.0
006 a|||||r|||| 00| 0
007 ta
008 220923b |||||||| |||| 00| 0 eng d
037 _cGeneral Book
040 _aRTL
_cRTL
_beng
041 _2eng
_aeng
082 _aX:3M24xM18x, L1
100 _aMarx Karl
_922872
245 0 _aSelected writings. Ed by David Molcllan
260 _aOxford
_bOUP
_c1977
300 _aix, 625p
_ccm.
650 _aEconomic Classics Karl Marx
_9233100
942 _hX:3M24xM18x, L1
_cGB
_2CC
999 _c646141
_d646141